Plumas Negras / (Record no. 20)

MARC details
000 -LÍDER
campo de controle de tamanho fixo 01302nam a22003137a 4500
001 - NÚMERO DE CONTROLE
campo de controle 20
003 - IDENTIFICADOR DO NÚMERO DE CONTROLE
campo de controle OSt
005 - DATA E HORÁRIO DA ÚLTIMA TRANSAÇÃO
campo de controle 20250528074009.0
008 - CAMPO DE DADOS FIXOS--INFORMAÇÃO GERAL
campo de controle de tamanho fixo 250121b |||||||j |||| 00| 1 eng d
020 ## - ISBN - INTERNATIONAL STANDARD BOOK NUMBER
ISBN - International Standard Book Number 0532153073
040 ## - FONTE DA CATALOGAÇÃO
Idioma da catalogação por
041 ## - CÓDIGO DE IDIOMA
Código do idioma do original e/ou traduções intermediárias do texto eng
Código do idioma do texto/trilha sonora ou título diferente por
082 ## - CDD - CLASSIFICAÇÃO DECIMAL DE DEWEY
Número de Classificação 823
Número do exemplar A437p
100 1# - ENTRADA PRINCIPAL--NOME PESSOAL
Nome pessoal Allingham, Margery,
Datas associadas ao nome 1904-1966.
9 (RLIN) 41
240 ## - TÍTULO UNIFORME
Título uniforme Black Plumes
245 ## - TÍTULO
Título Plumas Negras /
Indicação de responsabilidade, etc. Allingham, Margery ; Tradução de Monica Pecegueiro do Amaral
260 ## - PUBLICAÇÃO, DISTRIBUIÇÃO, ETC.
Local de publicação, distribuição, etc. Rio de Janeiro
Nome do editor, distribuidor, etc. José Olympio
Data da publicação, distribuição, etc. 1986
300 ## - DESCRIÇÃO FÍSICA
Extensão 184 p.
520 ## - NOTA DE RESUMO, ETC.
Resumo, etc. Eram 4h 15 min, quando o office boy entrou no escritório levando o chá que Lucar havia pedido. Já estava bem perto da mesa, mas, ao vê-lo, a bandeja escorregou-lhe das mãos... Lucar estava morto. Ainda tinha aquele ar presunçoso, mas havia uma ferida aberta no coração causado por uma lâmina entre as costelas. Amorte de Lucar foi exatamente igual à de Robert Madrigal: instantânea e silenciosa. E mais uma vez não havia sinal da arma.
650 #0 - ASSUNTO--TERMO TÓPICO
Cabeçalho tópico ou nome geográfico Literatura Inglesa
9 (RLIN) 89
650 #0 - ASSUNTO--TERMO TÓPICO
Cabeçalho tópico ou nome geográfico Romance Policial
9 (RLIN) 11
650 #0 - ASSUNTO--TERMO TÓPICO
Cabeçalho tópico ou nome geográfico Crime e Investigação
9 (RLIN) 13
650 #0 - ASSUNTO--TERMO TÓPICO
Cabeçalho tópico ou nome geográfico Mistério
9 (RLIN) 42
650 #0 - ASSUNTO--TERMO TÓPICO
Cabeçalho tópico ou nome geográfico Suspense
9 (RLIN) 10
655 #0 - TERMO DE ÍNDICE--GÊNERO E FORMA
Gênero/forma/ou termo foco Romance
655 #0 - TERMO DE ÍNDICE--GÊNERO E FORMA
Gênero/forma/ou termo foco Ficção
700 ## - ENTRADA ADICIONADA - NOME PESSOAL
Nome pessoal Mônica Pecegueiro do Amaral
Função do autor por extenso Tradutor
9 (RLIN) 43
942 ## - ELEMENTOS DE ENTRADA ADICIONADOS (KOHA)
Fonte de classificação ou esquema de arquivamento Classificação decimal de Dewey
Ocultar no OPAC Não
Tipo de material Koha Livros
Holdings
Situação do descarte Situação das perdas Fonte de classificação ou esquema de arquivamento Status danificado Não pode ser emprestado Coleção Biblioteca de origem Biblioteca atual Localização na estante Data de aquisição Fonte de aquisição Total de empréstimos Número de chamada completo Código de barras Data de último acesso Número do exemplar Data do preço efetivo Tipo de material Koha
    Classificação decimal de Dewey     Ficção Biblioteca Professor Eduardo Afonso de Castro Biblioteca Professor Eduardo Afonso de Castro Literatura Estrangeira 10.06.1991 doação   823 / A437p 2025-8954 20.01.2025 Ex. 01 20.01.2025 Livros
    Classificação decimal de Dewey     Ficção Biblioteca Professor Eduardo Afonso de Castro Biblioteca Professor Eduardo Afonso de Castro Literatura Estrangeira 10.06.1991 doação   823 / A437p 2025-8955 20.01.2025 Ex. 02 20.01.2025 Livros

Powered by Koha